000 00631nam a2200217Ia 4500
001 9640
003 GE_BSU
008 181216s||||||||xx |||||||||||||| ||und||
040 _cGE_BSU
080 _a82-93
100 _aმრევლიშვილი,მაყვალა
245 _aკიკლი კიკლი
245 _bსაბავშვო ლექსები
260 _aთბილისი
260 _bგულანი
260 _c1991
300 _a13გვ.10სმ.
653 _aკიკლი კიკლი
653 _aსაბავშვო ლექსები
942 _cBK
999 _c42924
_d42924